La cerámica griega /
Guardado en:
| Autor Principal: | |
|---|---|
| Formato: | Libro |
| Publicado: |
Buenos Aires :
Fabril,
1962
|
| Materias: | |
| Etiquetas: |
Agregar Etiqueta
Sin Etiquetas, Sea el primero en etiquetar este registro!
|
| LEADER | 00541nam a22001935a 4500 | ||
|---|---|---|---|
| 001 | CEM.cems004385 | ||
| 005 | 20060216000000.0 | ||
| 008 | 130507s1962##################000#0#####d | ||
| 003 | CEMS | ||
| 082 | 0 | 4 | |a 738.949 |
| 100 | 1 | |a Metzger, Henri | |
| 245 | 1 | 0 | |a La cerámica griega / |
| 260 | |a Buenos Aires : |b Fabril, |c 1962 | ||
| 300 | |a 140 p. | ||
| 505 | 0 | |a Cat logo de plater¡a argentina. Texto en italiano.- | |
| 653 | |a Arte | ||
| 653 | |a Arte griego | ||
| 653 | |a Ceramica griega | ||
| 859 | |a CEMS |b BIB. CEMS - 11 de abril |h 738.949 |i M568 |p 3484.75 |t Ej.1 | ||
